000 00625nam a2200205 a 4500
005 20240913063841.0
008 081108s2000 mx r 000 0 spa d
035 _aUPN01000165615
049 _aUNE
080 _a342.34 (72) "2002" PRE No.58.
100 1 _aPreciado Coronado, Jaime
245 1 0 _aCentro y regiones en México ante la gobernabilidad democrática local/ por Jaime Preciado Coronado.
260 _aParís: UNESCO, 2002.
300 _a36 p.; 30 cm. il., map.
440 0 _aMOST. Documentos de débate; 58
690 _aGobierno
690 _aDemocracia
_96020
690 _aMéxico
905 _aUNESCO
999 _c137727
_d137727